North American Indians : a comprehensive account /

Bibliographic Details
Main Author: Kehoe, Alice Beck, 1934-
Format: Book
Language:English
Published: Englewood Cliffs, N.J. : Prentice-Hall, [1981]
Series:Prentice-Hall series in anthropology.
Subjects:

MARC

Tag First Indicator Second Indicator Subfields
LEADER 00000cam a2200000 a 4500
001 in00000083990
005 20151008054353.0
008 800905s1981 njuab b 00110 engm
010 |a  80022335  
020 |a 0136236529 
035 |a (OCoLC)06761280 
035 |9 AAJ0459AM 
040 |a DLC  |c DLC  |d m.c.  |d OCL  |d TXA  |d UtOrBLW 
043 |a n------ 
049 |a TXAM  |c [1442053] 
050 0 0 |a E77  |b .K43 
082 0 |a 970.004/97  |2 19 
100 1 |a Kehoe, Alice Beck,  |d 1934- 
245 1 0 |a North American Indians :  |b a comprehensive account /  |c Alice Beck Kehoe. 
264 1 |a Englewood Cliffs, N.J. :  |b Prentice-Hall,  |c [1981] 
264 4 |c ©1981 
300 |a xii, 564 pages :  |b illustrations, maps ;  |c 24 cm. 
336 |a text  |b txt  |2 rdacontent 
337 |a unmediated  |b n  |2 rdamedia 
338 |a volume  |b nc  |2 rdacarrier 
490 1 |a Prentice-Hall series in anthropology 
504 |a Includes bibliographies and index. 
650 0 |a Indians of North America. 
830 0 |a Prentice-Hall series in anthropology. 
999 |a MARS 
999 f f |s db5c85a1-4ca8-38a7-83fe-b1b08d7aa283  |i 75518da4-ff8f-30c3-ae31-d6fa4da7e8ae  |t 0 
952 f f |p ric  |a Texas A&M University  |b Rellis Campus  |c Joint Library Facility  |d Remote Storage  |t 0  |e E77 .K43  |h Library of Congress classification  |i unmediated -- volume  |m A14806103968 
998 f f |a E77 .K43  |t 0  |l Remote Storage